=LDR 00000nam 2200000 4500 =001 INLIS000000000053841 =005 20190321075111 =035 ##$$a 0010-0319000036 =007 ta =008 190321###########################0#ind## =020 ##$$a 978-979-9421-32-6 =082 ##$$a 741.5 =084 ##$$a 741.5 RUM =245 ##$$a Rumah Gerilya Sobo Seri Perjuangan Sodirman =250 ##$$a Cet 1 =260 ##$$a Jakarta :$b Pusat Sejarah TNI,$c 2016 =300 ##$$a 48 hlm. : $b ilus. ; $c 20 Cm. =700 #$$a Editor, Kolonel Laut (KL) Arif Sulistyo =990 ##$$a 05160516 =990 ##$$a 31800321 =990 ##$$a 05170517 =990 ##$$a 31800322 =990 ##$$a 31800321